Which country has the most satisfied workers? - Statistics

General Stats
  • This quiz has been taken 25 times
  • The average score is 16 of 25
Answer Stats
Hint Answer % Correct
23. Canada
91%
1. Denmark
91%
7. Finland
91%
18. Spain
91%
4. Sweden
91%
24. Australia
87%
16. France
87%
11. Germany
87%
2. Norway
87%
5. Austria
78%
12. Switzerland
78%
6. Netherlands
74%
8. Belgium
70%
13. Mexico
61%
9. Hungary
57%
10. Czech Republic
52%
17. Singapore
48%
20. Brazil
43%
22. Chile
43%
19. Colombia
43%
14. Romania
39%
25. Russia
39%
3. Costa Rica
35%
21. Panama
30%
15. Bulgaria
26%
No matching quizzes found
Score Distribution
Percent of People with Each Score
Percentile by Number Answered
Your Score History
You have not taken this quiz